ბათუმის შოთა რუსთაველის სახელმწიფო უნივერსიტეტის ბიბლიოთეკა

A project to find the fundamental theory of physics / (ბიბ.ჩანაწერი № 58739)

000 -LEADER
fixed length control field 00559cam a22001695i 4500
001 - CONTROL NUMBER
control field 21512760
005 - DATE AND TIME OF LATEST TRANSACTION
control field 20221107121348.0
008 - FIXED-LENGTH DATA ELEMENTS--GENERAL INFORMATION
fixed length control field 200426s2020 ilu b 001 0 eng
020 ## - INTERNATIONAL STANDARD BOOK NUMBER
International Standard Book Number 9781579550356x
080 ## - UNIVERSAL DECIMAL CLASSIFICATION NUMBER
Universal Decimal Classification number 53:51 W-81
100 1# - MAIN ENTRY--PERSONAL NAME
Personal name Wolfram, Stephen
Dates associated with a name
9 (RLIN) 14367
245 12 - TITLE STATEMENT
Title A project to find the fundamental theory of physics /
Statement of responsibility, etc. Stephen Wolfram.
264 #1 - PRODUCTION, PUBLICATION, DISTRIBUTION, MANUFACTURE, AND COPYRIGHT NOTICE
Place of production, publication, distribution, manufacture Champaign, IL :
Name of producer, publisher, distributor, manufacturer Wolfram Media, Inc.,
Date of production, publication, distribution, manufacture, or copyright notice 2020.
300 ## - PHYSICAL DESCRIPTION
Extent 770 p.:
Other physical details color illustrations ;
Dimensions 26 cm.
653 ## - INDEX TERM--UNCONTROLLED
keyword მათემატიკური ფიზიკა
942 ## - ADDED ENTRY ELEMENTS (KOHA)
Source of classification or shelving scheme
Koha item type წიგნი
ეგზემპლარები
Withdrawn status Lost status Source of classification or shelving scheme Damaged status Not for loan Permanent Location Current Location Shelving location Date acquired Cost, normal purchase price Full call number Barcode Date last seen Copy number Price effective from Koha item type Public note
          ბათუმის შოთა რუსთაველის სახელმწიფო უნივერსიტეტის მთავარი ბიბლიოთეკა ბათუმის შოთა რუსთაველის სახელმწიფო უნივერსიტეტის მთავარი ბიბლიოთეკა წიგნსაცავი 2022-07-12 214.00 53:51 W-81 62975 2022-07-12 62975 2022-07-12 წიგნი 214 gel.